[Event "4NCL/Div4a/AD3 vs. GLOSG"]
[Site "Telford ENG"]
[Date "2005.04.17"]
[Round "8.6"]
[White "Ponter, Ian"]
[Black "Jones, Simon A"]
[Result "1-0"]
[WhiteElo "2047"]
[BlackElo "1725"]
[PlyCount "55"]
[EventDate "2005.04.17"]
[SourceDate "2004.09.21"]

1. e4 e5 2. Nf3 Nf6 3. Nxe5 Bc5 4. d4 Bb6 5. Nc3 d5 6. exd5 Nxd5 7. Bc4 c6 8.
Nxd5 cxd5 9. Bb5+ Nd7 10. O-O O-O 11. Bxd7 Bxd7 12. Nxd7 Qxd7 13. c3 Bc7 14.
Qf3 Rae8 15. Bd2 Re6 16. g3 Rf6 17. Qd3 Qh3 18. Rfe1 Rf5 19. Qf1 Qh5 20. Qg2
Bd8 21. h3 Qg6 22. g4 Rf6 23. Qxd5 Qd3 24. Be3 Bc7 25. Rad1 Qa6 26. Bg5 Rd8 27.
Qxd8+ Bxd8 28. Re8# 1-0

[Event "4NCL/Div4a/SLOS2 vs. CAMB2"]
[Site "Telford ENG"]
[Date "2005.04.17"]
[Round "8.1"]
[White "Harris, Michael"]
[Black "Gooding, Ian"]
[Result "0-1"]
[WhiteElo "2234"]
[BlackElo "2085"]
[PlyCount "80"]
[EventDate "2005.04.17"]
[SourceDate "2004.09.21"]

1. d4 d5 2. Nc3 Nf6 3. Bg5 e6 4. e4 Be7 5. exd5 exd5 6. Bd3 Nc6 7. Nge2 Bg4 8.
f3 Be6 9. Qd2 Qd7 10. O-O-O O-O-O 11. Bb5 h6 12. Bf4 Ne8 13. g4 Nd6 14. Bxd6
Qxd6 15. Kb1 f5 16. h3 Rhf8 17. Qf4 fxg4 18. Qxd6 Bxd6 19. fxg4 Rf2 20. Nc1
Rdf8 21. Nd3 Rh2 22. Rxh2 Bxh2 23. Nc5 Bg8 24. Bxc6 bxc6 25. Re1 Bg3 26. Rg1
Bh7 27. a3 Bd6 28. Ne6 Rf2 29. Nxg7 Rxc2 30. Ka2 Rh2 31. g5 hxg5 32. Rxg5 Rxh3
33. Rh5 Rxh5 34. Nxh5 Be7 35. b4 Kd7 36. Kb3 Bd3 37. Na4 Be2 38. Nc5+ Bxc5 39.
Nf6+ Ke6 40. bxc5 Kxf6 0-1

[Event "4NCL/Div4a/SLOS2 vs. CAMB2"]
[Site "Telford ENG"]
[Date "2005.04.17"]
[Round "8.2"]
[White "Pickard, Charles"]
[Black "Mulligan, Stephen"]
[Result "0-1"]
[WhiteElo "2155"]
[BlackElo "2170"]
[PlyCount "68"]
[EventDate "2005.04.17"]
[SourceDate "2004.09.21"]

1. Nf3 Nf6 2. c4 c5 3. Nc3 Nc6 4. d4 d6 5. d5 Na5 6. e4 e5 7. Be2 Be7 8. O-O
O-O 9. a3 b6 10. Ne1 Ne8 11. b4 Nb7 12. Nd3 Bd7 13. f4 exf4 14. Bxf4 Bg5 15.
Qd2 Bxf4 16. Qxf4 Qf6 17. e5 Qxf4 18. Rxf4 dxe5 19. Nxe5 Rd8 20. Nc6 Ra8 21.
Ne5 Rd8 22. Nc6 Ra8 23. Bd3 Nf6 24. Re1 Rfe8 25. Rxe8+ Bxe8 26. Nb5 Bxc6 27.
dxc6 Nd8 28. Nc7 Rc8 29. Nd5 Nxc6 30. Nxf6+ gxf6 31. bxc5 bxc5 32. Rxf6 Kg7 33.
Rd6 Ne5 34. Be2 Rc6 0-1

[Event "4NCL/Div4a/SLOS2 vs. CAMB2"]
[Site "Telford ENG"]
[Date "2005.04.17"]
[Round "8.3"]
[White "Roberson, Peter T"]
[Black "Low, Ying Min"]
[Result "1-0"]
[WhiteElo "2139"]
[BlackElo "2027"]
[PlyCount "127"]
[EventDate "2005.04.17"]
[SourceDate "2004.09.21"]

1. e4 c5 2. c3 d5 3. exd5 Qxd5 4. d4 Nf6 5. Nf3 Bg4 6. dxc5 Qxc5 7. Na3 a6 8.
Be3 Qc7 9. Qa4+ Nbd7 10. Rd1 Bxf3 11. gxf3 e6 12. Bg2 Rd8 13. f4 Be7 14. O-O
O-O 15. Qc4 Qa5 16. Nc2 Qh5 17. Nd4 Nb6 18. Qe2 Qxe2 19. Nxe2 Nbd5 20. Bf3 b5
21. Nd4 Rc8 22. Rd3 Rfd8 23. Rfd1 b4 24. Ne2 bxc3 25. Nxc3 Nxe3 26. fxe3 Rxd3
27. Rxd3 Rd8 28. Rxd8+ Bxd8 29. Kf2 Kf8 30. Ke2 Ke7 31. Kd3 Kd6 32. b4 Bb6 33.
Na4 Ba7 34. Nb2 Kc7 35. Nc4 Nd7 36. a3 Nb6 37. Ne5 f6 38. Nc6 Bb8 39. Kd4 Nd7
40. Nxb8 Kxb8 41. Bg4 Nf8 42. Be2 Kb7 43. Kc5 Ng6 44. Bd3 f5 45. Kd6 Nh4 46.
Kxe6 g6 47. Bc4 Kb6 48. Bd5 Kb5 49. Kf6 h6 50. Kg7 g5 51. Kxh6 g4 52. Kg5 Nf3+
53. Kxf5 Nxh2 54. Bg2 Ka4 55. Kg5 Kxa3 56. f5 Nf3+ 57. Kxg4 Ne5+ 58. Kf4 Nd3+
59. Ke4 Nf2+ 60. Kd4 Ng4 61. e4 Kxb4 62. e5 a5 63. f6 Nh6 64. e6 1-0

[Event "4NCL/Div4a/SLOS2 vs. CAMB2"]
[Site "Telford ENG"]
[Date "2005.04.17"]
[Round "8.4"]
[White "Webster, Peter"]
[Black "Armstrong, Malcolm"]
[Result "1-0"]
[WhiteElo "2020"]
[BlackElo "2129"]
[PlyCount "121"]
[EventDate "2005.04.17"]
[SourceDate "2004.09.21"]

1. e4 c6 2. d4 d5 3. exd5 cxd5 4. c4 Nf6 5. Nc3 Nc6 6. Nf3 e6 7. Bg5 Be7 8. Rc1
O-O 9. a3 a6 10. c5 Ne4 11. Bxe7 Qxe7 12. Be2 f5 13. h4 Bd7 14. b4 Be8 15. h5
Rf6 16. Ne5 Qc7 17. Nxc6 Bxc6 18. a4 Qf4 19. Bf3 Ng5 20. Be2 Ne4 21. Nxe4 fxe4
22. O-O e3 23. Bf3 Be8 24. Rc3 exf2+ 25. Rxf2 Bxh5 26. b5 axb5 27. axb5 Be8 28.
c6 bxc6 29. bxc6 Rh6 30. Rb2 Qh2+ 31. Kf2 Qd6 32. c7 Rc8 33. Rb8 Bd7 34. Rxc8+
Bxc8 35. Qa4 Rf6 36. Qa8 Rf8 37. Qb8 Qf4 38. Qb4 Qd2+ 39. Kg3 Qg5+ 40. Kf2 Qh4+
41. Ke2 g5 42. Qe7 Ba6+ 43. Kd2 Qxd4+ 44. Kc2 Qe5 45. Rc6 Bc8 46. Rd6 g4 47.
Rxd5 Qf6 48. Qxf6 Rxf6 49. Rd8+ Rf8 50. Bc6 Kf7 51. Bd7 Bb7 52. Rxf8+ Kxf8 53.
Bxe6 h5 54. Kc3 Ke7 55. c8=Q Bxc8 56. Bxc8 Kf6 57. Kd4 Kg5 58. Ke3 h4 59. Bb7
Kf5 60. Bc8+ Kg5 61. Bd7 1-0

[Event "4NCL/Div4a/SLOS2 vs. CAMB2"]
[Site "Telford ENG"]
[Date "2005.04.17"]
[Round "8.5"]
[White "Lutton, J Ezra"]
[Black "Campbell, Mark"]
[Result "1-0"]
[WhiteElo "2135"]
[BlackElo "2030"]
[PlyCount "101"]
[EventDate "2005.04.17"]
[SourceDate "2004.09.21"]

1. Nc3 d5 2. e4 d4 3. Nce2 e5 4. d3 c5 5. g3 Nc6 6. Bg2 Be6 7. f4 f6 8. Nf3 c4
9. O-O cxd3 10. cxd3 Bd6 11. fxe5 fxe5 12. Ng5 Qd7 13. Nxe6 Qxe6 14. Kh1 Nf6
15. Ng1 O-O 16. Bh3 Qe8 17. Nf3 Qh5 18. Ng5 Qxd1 19. Rxd1 Nd8 20. Ne6 Nxe6 21.
Bxe6+ Kh8 22. Bd2 Rae8 23. Bh3 h6 24. Kg2 g5 25. Bf5 Nh5 26. Bg6 Nf6 27. Bxe8
Rxe8 28. Rf1 Kg7 29. h3 Nd7 30. Rac1 Nb8 31. Rf5 Nc6 32. Rcf1 Be7 33. a3 Kg6
34. b4 a6 35. Rb1 b5 36. Rc1 Rc8 37. Rxe5 Nxe5 38. Rxc8 Nxd3 39. Rc6+ Bf6 40.
Rxa6 Ne5 41. Bc1 Nc4 42. a4 bxa4 43. b5 d3 44. b6 Kf7 45. b7 Be5 46. Rxa4 d2
47. Bxd2 Nxd2 48. Rd4 Nb3 49. Rd5 Bb8 50. Rd8 Ba7 51. Ra8 1-0

[Event "4NCL/Div4a/SLOS2 vs. CAMB2"]
[Site "Telford ENG"]
[Date "2005.04.17"]
[Round "8.6"]
[White "Kapadia, Sujit"]
[Black "Linford, Charles"]
[Result "1-0"]
[WhiteElo "1835"]
[BlackElo "2142"]
[PlyCount "95"]
[EventDate "2005.04.17"]
[SourceDate "2004.09.21"]

1. d4 Nf6 2. c4 e6 3. Nc3 Bb4 4. Qc2 O-O 5. Bg5 c5 6. dxc5 Na6 7. a3 Bxc3+ 8.
Qxc3 Nxc5 9. Bxf6 gxf6 10. Nf3 b6 11. g3 Bb7 12. Bg2 Rc8 13. O-O Ne4 14. Qd3 d5
15. cxd5 Bxd5 16. Rac1 Nc5 17. Qe3 Nb3 18. Rxc8 Qxc8 19. Nd4 Bxg2 20. Kxg2 Nxd4
21. Qxd4 e5 22. Qd6 Kg7 23. Rd1 Qf5 24. Qd3 Qe6 25. Qd5 Qg4 26. Qf3 Qe6 27. Qd5
Qc8 28. Qd7 Qc4 29. Qd3 Qa4 30. b4 h5 31. e4 a5 32. Qf3 Rh8 33. Rd6 Rh6 34.
Rxb6 h4 35. Qg4+ Rg6 36. Qxh4 Qe8 37. bxa5 Qc8 38. h3 Qa8 39. a6 Rg5 40. a4 Kg6
41. Rb7 Kg7 42. g4 Rg6 43. Qg3 Qxa6 44. Qb3 f5 45. Qxf7+ Kh6 46. Qh7+ Kg5 47.
Qh5+ Kf4 48. Qxf5# 1-0

[Event "4NCL/Div4a/CHED vs. HKFC"]
[Site "Telford ENG"]
[Date "2005.04.17"]
[Round "8.1"]
[White "Acey, Gerald"]
[Black "Fowler, Simon"]
[Result "1/2-1/2"]
[WhiteElo "2130"]
[BlackElo "2154"]
[PlyCount "77"]
[EventDate "2005.04.17"]
[SourceDate "2004.09.21"]

1. d4 d5 2. Nf3 c6 3. Bf4 Bg4 4. e3 Nd7 5. Be2 e6 6. O-O Ngf6 7. h3 Bh5 8. Ne5
Bxe2 9. Qxe2 Nxe5 10. Bxe5 Nd7 11. Bg3 g6 12. Nd2 Bg7 13. c3 O-O 14. e4 Qb6 15.
Rab1 Rfe8 16. e5 c5 17. Nf3 Rac8 18. Rfd1 Rc7 19. Bf4 Rec8 20. Be3 Qa5 21. a3
Qa4 22. h4 b5 23. dxc5 Nxe5 24. Bd4 Nxf3+ 25. Qxf3 e5 26. Be3 d4 27. cxd4 exd4
28. b3 Qxa3 29. Bxd4 Bxd4 30. Rxd4 Rxc5 31. Rbd1 Rc1 32. Kh2 Qe7 33. g3 Rxd1
34. Qxd1 Qc5 35. b4 Qb6 36. Qd2 Rc4 37. Rd8+ Kg7 38. Qb2+ Kh6 39. Qd2+ 1/2-1/2

[Event "4NCL/Div4a/CHED vs. HKFC"]
[Site "Telford ENG"]
[Date "2005.04.17"]
[Round "8.2"]
[White "Tavoularis, Nicholas"]
[Black "Gilmore, Simon N"]
[Result "0-1"]
[WhiteElo "2202"]
[BlackElo "2105"]
[PlyCount "108"]
[EventDate "2005.04.17"]
[SourceDate "2004.09.21"]

1. Nf3 Nf6 2. b3 d5 3. Bb2 Bf5 4. e3 e6 5. Be2 Be7 6. O-O h6 7. d3 O-O 8. Nbd2
c5 9. Ne5 Nbd7 10. f4 Nxe5 11. fxe5 Nd7 12. Bg4 Bg6 13. Qe2 Qc7 14. Nf3 c4 15.
Bd4 b5 16. Rf2 a5 17. a3 Rfc8 18. Raf1 Qd8 19. Ne1 Qe8 20. g3 f5 21. exf6 Bxf6
22. Ng2 e5 23. Bxd7 Qxd7 24. Rxf6 gxf6 25. Rxf6 Rc6 26. Rxc6 Qxc6 27. Bxe5 cxd3
28. cxd3 Qc1+ 29. Ne1 Rf8 30. Kg2 Kh7 31. a4 bxa4 32. bxa4 Rc8 33. h4 Re8 34.
Bf4 Re7 35. Nf3 Qc3 36. Ne1 Rb7 37. Qf1 Rb2+ 38. Kh3 Rb1 39. h5 Bf5+ 40. g4
Rxe1 41. Qf2 Bxd3 42. g5 hxg5 43. Bxg5 Rf1 44. Qg2 Qc8+ 45. Kh4 Qf5 46. Bf4
Rxf4+ 47. exf4 Qxf4+ 48. Qg4 Qxg4+ 49. Kxg4 Bc2 50. Kf4 d4 51. Kf3 d3 52. Ke3
Kh6 53. Kd2 Kxh5 54. Kc3 Kg4 0-1

[Event "4NCL/Div4a/CHED vs. HKFC"]
[Site "Telford ENG"]
[Date "2005.04.17"]
[Round "8.3"]
[White "Buxton, David E"]
[Black "Forman, Karl L"]
[Result "0-1"]
[WhiteElo "2130"]
[BlackElo "2025"]
[PlyCount "82"]
[EventDate "2005.04.17"]
[SourceDate "2004.09.21"]

1. d4 Nf6 2. c4 g6 3. Nc3 d5 4. Bg5 Bg7 5. Bxf6 Bxf6 6. Nxd5 Bg7 7. e3 O-O 8.
Nf3 c5 9. Be2 Nc6 10. O-O cxd4 11. Nxd4 Nxd4 12. exd4 e6 13. Nc3 Qxd4 14. Qb3
b6 15. Rad1 Qc5 16. Bf3 Ba6 17. Bxa8 Bxc4 18. Qa4 Bxf1 19. Qxa7 Bxc3 20. bxc3
Be2 21. Rc1 Rd8 22. g3 Kg7 23. Qa4 Bc4 24. Qc6 Qa3 25. Re1 Bd5 26. Qxb6 Qxa8
27. Qd4+ f6 28. Qc5 Rd7 29. Rd1 Qa4 30. Re1 Qxa2 31. Qc8 Qa7 32. c4 Rc7 33. Qd8
Rxc4 34. h4 Rb4 35. Qd6 Ra4 36. h5 Ra1 37. h6+ Kxh6 38. Qf8+ Kg5 39. Qb4 Rxe1+
40. Qxe1 Qd4 41. Qc1+ Kg4 0-1

[Event "4NCL/Div4a/CHED vs. HKFC"]
[Site "Telford ENG"]
[Date "2005.04.17"]
[Round "8.4"]
[White "Goodwin, Ed"]
[Black "Richardson, Alex"]
[Result "0-1"]
[WhiteElo "2005"]
[BlackElo "2119"]
[PlyCount "86"]
[EventDate "2005.04.17"]
[SourceDate "2004.09.21"]

1. c4 c5 2. g3 Nf6 3. Bg2 d5 4. cxd5 Nxd5 5. Nc3 Nc7 6. Nf3 Nc6 7. O-O e5 8. d3
Be7 9. Ne1 Bg4 10. f4 O-O 11. fxe5 Nxe5 12. Bxb7 Bh3 13. Bg2 Qd4+ 14. e3 Qd7
15. Bxa8 Bxf1 16. Bh1 Bxd3 17. Nxd3 Qxd3 18. Qxd3 Nxd3 19. Nd5 Nxd5 20. Bxd5
Bg5 21. Kg2 Rd8 22. Be4 g6 23. Bxd3 Rxd3 24. b3 Bf6 25. Rb1 Rd1 26. Kf3 h5 27.
Ke2 Rh1 28. Kd3 Bg5 29. h4 Be7 30. Kc2 Rg1 31. Ba3 Rxg3 32. Kd3 Rg2 33. Bb2
Bxh4 34. Be5 Be7 35. a4 h4 36. Rc1 f6 37. Bb8 a6 38. Ke4 Rg4+ 39. Kd5 Rb4 40.
Bd6 Bxd6 41. Kxd6 Rxb3 42. Ke7 Kg7 43. Rxc5 h3 0-1

[Event "4NCL/Div4a/CHED vs. HKFC"]
[Site "Telford ENG"]
[Date "2005.04.17"]
[Round "8.5"]
[White "Lee, Chon-Yiu"]
[Black "David, Murray J"]
[Result "1-0"]
[WhiteElo "2120"]
[BlackElo "1910"]
[PlyCount "125"]
[EventDate "2005.04.17"]
[SourceDate "2004.09.21"]

1. e4 e6 2. d4 d5 3. Nc3 Bb4 4. Bd2 Ne7 5. Qg4 Ng6 6. e5 Qh4 7. Qxh4 Nxh4 8. a3
Ba5 9. Na4 Bxd2+ 10. Kxd2 b6 11. b4 Bd7 12. Nb2 O-O 13. g3 Nf5 14. c3 c5 15.
dxc5 bxc5 16. Nd3 cxb4 17. axb4 Bb5 18. Nf3 Nd7 19. Ra5 a6 20. Nd4 Nb6 21. Nb2
Nc4+ 22. Nxc4 Nxd4 23. cxd4 dxc4 24. Kc3 Ra7 25. Bg2 Rd7 26. Ra2 Rfd8 27. Rd2
f6 28. Bh3 Kf7 29. Re1 Re7 30. Rde2 f5 31. Rd2 g6 32. Bg2 Rc7 33. d5 exd5 34.
Rxd5 Re8 35. Rd6 Rce7 36. f4 Ra7 37. Ra1 Ree7 38. Bd5+ Kg7 39. Bxc4 Rec7 40.
Rd4 Rc8 41. Kb3 Rac7 42. Bxb5 axb5 43. Rd3 Rc2 44. Ra7+ Kh6 45. Rb7 Rc1 46.
Rxb5 Rb1+ 47. Ka2 Rcc1 48. Rb7 Ra1+ 49. Kb3 Rab1+ 50. Ka4 Rc2 51. h3 Ra2+ 52.
Kb5 Rab2 53. Kc5 Rc1+ 54. Kd6 Rcb1 55. e6 Rxb4 56. Rxb4 Rxb4 57. Rd5 Kg7 58.
Ke7 h6 59. Rd7 Rb8 60. Kd6+ Kf8 61. Ke5 g5 62. Kxf5 gxf4 63. gxf4 1-0

[Event "4NCL/Div4a/CHED vs. HKFC"]
[Site "Telford ENG"]
[Date "2005.04.17"]
[Round "8.6"]
[White "Bullock, Andrew"]
[Black "Edwards, Simon R"]
[Result "1-0"]
[WhiteElo "1985"]
[BlackElo "2037"]
[PlyCount "77"]
[EventDate "2005.04.17"]
[SourceDate "2004.09.21"]

1. c4 Nf6 2. Nc3 e6 3. Nf3 d5 4. cxd5 exd5 5. d4 Bd6 6. g3 c6 7. Bg2 O-O 8. O-O
Bg4 9. Qd3 Re8 10. Nd2 Bh5 11. f3 Bg6 12. e4 dxe4 13. fxe4 c5 14. d5 Ng4 15.
Nf3 c4 16. Qe2 Bc5+ 17. Kh1 b5 18. h3 Nf6 19. Nh4 Nh5 20. Nf5 a6 21. g4 Nf6 22.
Bg5 Nbd7 23. d6 Bxf5 24. Rxf5 Bxd6 25. Rd1 Qb6 26. Nd5 Nxd5 27. Rfxd5 Re6 28.
e5 Rae8 29. Qd2 Bxe5 30. Rxd7 Bg3 31. Rf1 h6 32. Bf4 Bh4 33. Rxf7 Re2 34. Qd7
Qg6 35. Bd5 Kh8 36. Bd6 Re1 37. Bc5 Rd8 38. Rxe1 Rxd7 39. Rf8+ 1-0

[Event "4NCL/Div4a/CONQ vs. SLOS4"]
[Site "Telford ENG"]
[Date "2005.04.17"]
[Round "8.1"]
[White "Osborne, Marcus E"]
[Black "Jeffries, Majid"]
[Result "1-0"]
[WhiteElo "2178"]
[BlackElo "2019"]
[PlyCount "101"]
[EventDate "2005.04.17"]
[SourceDate "2004.09.21"]

1. d4 Nf6 2. c4 c5 3. d5 e5 4. Nc3 d6 5. e4 Be7 6. g3 a6 7. Bg2 O-O 8. Nge2 Ne8
9. O-O Bg4 10. f3 Bd7 11. a4 b6 12. f4 Bg4 13. Be3 Nd7 14. Qd2 Bxe2 15. Nxe2
Rb8 16. Bh3 Bf6 17. Nc3 Rb7 18. Bxd7 Qxd7 19. f5 Nc7 20. g4 Bd8 21. g5 b5 22.
axb5 axb5 23. b3 bxc4 24. bxc4 Rb4 25. Qe2 Qc8 26. Qh5 g6 27. Qh6 gxf5 28. exf5
Rxc4 29. f6 Qg4+ 30. Kh1 Ne8 31. Rac1 Ba5 32. h3 Qh4 33. Qxh4 Rxh4 34. Kg2 Bxc3
35. Rxc3 Nc7 36. Rd1 Rb8 37. Ra3 Ne8 38. Rda1 Rhb4 39. Ra7 h6 40. g6 Nxf6 41.
gxf7+ Kh8 42. Bxh6 Rb2+ 43. Kh1 Nh7 44. Rg1 Nf8 45. Rg8+ Kh7 46. Rxf8 Rb1+ 47.
Kg2 R1b2+ 48. Kf3 Kxh6 49. Rg8 e4+ 50. Kg3 R8b3+ 51. Kh4 1-0

[Event "4NCL/Div4a/CONQ vs. SLOS4"]
[Site "Telford ENG"]
[Date "2005.04.17"]
[Round "8.2"]
[White "de Coverly, Roger"]
[Black "Prizant, Michael"]
[Result "0-1"]
[WhiteElo "2093"]
[BlackElo "2125"]
[PlyCount "64"]
[EventDate "2005.04.17"]
[SourceDate "2004.09.21"]

1. Nf3 d5 2. g3 c5 3. Bg2 Nf6 4. O-O Nc6 5. d4 e6 6. c4 Be7 7. Nc3 O-O 8. cxd5
exd5 9. Bg5 cxd4 10. Nxd4 h6 11. Be3 Re8 12. Rc1 Bf8 13. Nxc6 bxc6 14. Na4 Bd7
15. Bc5 Bxc5 16. Nxc5 Bf5 17. Re1 Rb8 18. Qd4 Qa5 19. Qf4 Bg6 20. Qa4 Qd2 21.
Nb3 Qxb2 22. Rxc6 Rxe2 23. Rxe2 Qxe2 24. Bf1 Qf3 25. Nd2 Qg4 26. Qxa7 Rb2 27.
Qa8+ Kh7 28. Rc8 Bf5 29. Rh8+ Kg6 30. h3 Qd4 31. g4 Rxd2 32. gxf5+ Kg5 0-1

[Event "4NCL/Div4a/CONQ vs. SLOS4"]
[Site "Telford ENG"]
[Date "2005.04.17"]
[Round "8.3"]
[White "Foster, James C"]
[Black "Ufodike, Bell"]
[Result "0-1"]
[WhiteElo "1835"]
[BlackElo "2095"]
[PlyCount "110"]
[EventDate "2005.04.17"]
[SourceDate "2004.09.21"]

1. e4 c5 2. d4 cxd4 3. c3 d5 4. exd5 Qxd5 5. cxd4 Nc6 6. Nf3 Bg4 7. Be2 e6 8.
O-O Nf6 9. Nc3 Qd7 10. Bf4 Be7 11. h3 Bxf3 12. Bxf3 Nxd4 13. Bxb7 Qxb7 14. Qxd4
O-O 15. Qd2 Rfd8 16. Qe2 Rd4 17. Be5 Rb4 18. b3 Nd7 19. Bg3 Rc8 20. Rac1 Bg5
21. Rc2 e5 22. Rd1 f5 23. f4 Bxf4 24. Bxf4 Rxf4 25. Nd5 Rxc2 26. Qxc2 Rd4 27.
Rxd4 exd4 28. Ne7+ Kf7 29. Nxf5 Qd5 30. Qf2 Nf6 31. Nxd4 Kg8 32. Qf4 Qc5 33.
Kh2 h5 34. Ne6 Qd5 35. Ng5 Kh8 36. Nf3 Qc5 37. Ne5 Qc2 38. Qa4 Qc7 39. Qf4 Qc2
40. Nf7+ Kh7 41. Ng5+ Kg6 42. Ne6 Qxa2 43. Qg5+ Kf7 44. Nd8+ Kg8 45. Qe3 Qa3
46. Qe6+ Kh7 47. Nc6 Qc5 48. b4 Qf2 49. Qe5 Qh4 50. Qf5+ Kh8 51. b5 Ng4+ 52.
Kg1 Qe1+ 53. Qf1 Qe3+ 54. Kh1 Nf2+ 55. Kh2 h4 0-1

[Event "4NCL/Div4a/CONQ vs. SLOS4"]
[Site "Telford ENG"]
[Date "2005.04.17"]
[Round "8.4"]
[White "Makepeace, Philip J"]
[Black "Cork, David J"]
[Result "0-1"]
[WhiteElo "2015"]
[BlackElo "1885"]
[PlyCount "44"]
[EventDate "2005.04.17"]
[SourceDate "2004.09.21"]

1. e4 c5 2. Nf3 d6 3. d4 cxd4 4. Nxd4 Nf6 5. Nc3 g6 6. Be3 Bg7 7. f3 O-O 8. Qd2
Nc6 9. O-O-O d5 10. Nxc6 bxc6 11. exd5 cxd5 12. Nxd5 Nxd5 13. Qxd5 Qc7 14. Qc5
Qb7 15. Qa3 Be6 16. Bd4 Bh6+ 17. Kb1 Rfd8 18. Ba6 Qc6 19. Bc3 Rab8 20. Rxd8+
Rxd8 21. Qxe7 Qd5 22. b3 Qd1+ 0-1

[Event "4NCL/Div4a/CONQ vs. SLOS4"]
[Site "Telford ENG"]
[Date "2005.04.17"]
[Round "8.5"]
[White "Ryan, Raymond"]
[Black "McCarthy, Kevin"]
[Result "0-1"]
[WhiteElo "1720"]
[BlackElo "2065"]
[PlyCount "60"]
[EventDate "2005.04.17"]
[SourceDate "2004.09.21"]

1. d4 Nf6 2. c4 e5 3. dxe5 Ng4 4. Nf3 Nc6 5. Bf4 Bb4+ 6. Nc3 Qe7 7. Qd5 Bc5 8.
e3 Nb4 9. Qe4 f5 10. exf6 Qxe4 11. f7+ Kf8 12. Nxe4 Nc2+ 13. Kd2 Bxe3+ 14. fxe3
Nxa1 15. Bd3 d6 16. Rxa1 Be6 17. Neg5 Bxf7 18. Nxf7 Kxf7 19. Ng5+ Ke7 20. Nxh7
Ne5 21. Bxe5 dxe5 22. Kc3 Rad8 23. Bg6 Rd6 24. Be4 Rh6 25. Ng5 Rxh2 26. Bxb7
R2h5 27. Nf3 Rd8 28. Be4 Rd6 29. g4 Rh3 30. Nxe5 Rxe3+ 0-1

[Event "4NCL/Div4a/NOTT vs. OXF2"]
[Site "Telford ENG"]
[Date "2005.04.17"]
[Round "8.1"]
[White "Truman, Richard G"]
[Black "Ludbrook, Matt"]
[Result "1-0"]
[WhiteElo "2019"]
[BlackElo "2039"]
[PlyCount "77"]
[EventDate "2005.04.17"]
[SourceDate "2004.09.21"]

1. d4 Nf6 2. c4 c5 3. d5 e6 4. Nc3 exd5 5. cxd5 d6 6. e4 g6 7. f4 Bg7 8. Bb5+
Nfd7 9. a4 O-O 10. Nf3 Na6 11. O-O Nc7 12. Bxd7 Bxd7 13. f5 a6 14. Bg5 f6 15.
Bf4 Qe7 16. Qe1 g5 17. Bg3 b5 18. b3 Rfb8 19. Nd2 Ne8 20. h4 Bh6 21. Qd1 gxh4
22. Bxh4 Bxd2 23. Qxd2 b4 24. Na2 Qxe4 25. Rf4 Qe7 26. Re1 Qf7 27. Qd3 Ng7 28.
Nc1 Re8 29. Re6 Nxe6 30. fxe6 Bxe6 31. Rxf6 Qd7 32. dxe6 Rxe6 33. Qd5 Rae8 34.
Nd3 Kh8 35. Nxc5 Qa7 36. Rxe6 Rxe6 37. Qxe6 Qxc5+ 38. Kh2 Qd4 39. Bf6+ 1-0

[Event "4NCL/Div4a/NOTT vs. OXF2"]
[Site "Telford ENG"]
[Date "2005.04.17"]
[Round "8.2"]
[White "Terry, Sean"]
[Black "Thompson, Brian"]
[Result "1/2-1/2"]
[WhiteElo "2015"]
[BlackElo "2060"]
[PlyCount "56"]
[EventDate "2005.04.17"]
[SourceDate "2004.09.21"]

1. h3 c5 2. g4 Nc6 3. Bg2 d5 4. c4 d4 5. d3 Bd7 6. f4 e6 7. Nf3 Bd6 8. e4 dxe3
9. Bxe3 Qc7 10. Qd2 Nf6 11. Nc3 Nd4 12. O-O-O O-O 13. Ne4 Be7 14. Nxd4 cxd4 15.
Bxd4 Nxe4 16. Bxe4 Bc6 17. Be5 Bd6 18. Bxc6 Bxe5 19. fxe5 Qxc6 20. b3 b5 21.
Kb1 a5 22. Rc1 a4 23. b4 bxc4 24. dxc4 Qe4+ 25. Qc2 Qxe5 26. a3 Qe3 27. Qc3
Qe4+ 28. Qc2 Qe3 1/2-1/2

[Event "4NCL/Div4a/NOTT vs. OXF2"]
[Site "Telford ENG"]
[Date "2005.04.17"]
[Round "8.3"]
[White "Webster, Richard J"]
[Black "Morris, Graham"]
[Result "1-0"]
[WhiteElo "1968"]
[BlackElo "2050"]
[PlyCount "67"]
[EventDate "2005.04.17"]
[SourceDate "2004.09.21"]

1. c4 Nf6 2. Nf3 g6 3. Nc3 Bg7 4. g3 O-O 5. Bg2 d6 6. O-O e5 7. d3 Nc6 8. Rb1
h6 9. b4 Be6 10. e4 Qd7 11. Nd5 Ne8 12. Be3 Bh3 13. b5 Nd8 14. c5 Bxg2 15. Kxg2
Kh7 16. Qc2 c6 17. bxc6 bxc6 18. Nc3 d5 19. exd5 cxd5 20. Bc1 Nc7 21. a4 Nc6
22. Ba3 Rfe8 23. Nb5 f5 24. Rfd1 Rab8 25. Qa2 d4 26. Nd6 Rxb1 27. Rxb1 Re6 28.
Rb7 Nd8 29. Rxa7 Qc6 30. Nb5 Nxb5 31. axb5 Qxb5 32. Qd5 Qc6 33. Qxd8 e4 34.
Nxd4 1-0

[Event "4NCL/Div4a/NOTT vs. OXF2"]
[Site "Telford ENG"]
[Date "2005.04.17"]
[Round "8.4"]
[White "Smith, Jonathan"]
[Black "Burke, Steven J"]
[Result "1/2-1/2"]
[WhiteElo "1925"]
[BlackElo "2020"]
[PlyCount "64"]
[EventDate "2005.04.17"]
[SourceDate "2004.09.21"]

1. e4 c5 2. Nf3 d6 3. d4 cxd4 4. Nxd4 Nf6 5. Nc3 a6 6. f3 e5 7. Nb3 Be6 8. Be3
Be7 9. Qd2 O-O 10. O-O-O Nbd7 11. g4 Rc8 12. h4 b5 13. h5 b4 14. Nd5 Bxd5 15.
exd5 Nb6 16. Bxb6 Qxb6 17. g5 Ne8 18. Bd3 a5 19. Bxh7+ Kxh7 20. g6+ fxg6 21.
hxg6+ Kxg6 22. Rdg1+ Kf7 23. Qd3 Bf6 24. Qf5 Ke7 25. Qxc8 Nc7 26. Qg4 Nxd5 27.
Re1 Ne3 28. Qe4 Bg5 29. Rhg1 Ng2+ 30. Kb1 Nxe1 31. Rxg5 Nxf3 32. Rxg7+ Ke6
1/2-1/2

[Event "4NCL/Div4a/NOTT vs. OXF2"]
[Site "Telford ENG"]
[Date "2005.04.17"]
[Round "8.5"]
[White "Lakhani, Kishan"]
[Black "Harrison, Pete R"]
[Result "1-0"]
[WhiteElo "1982"]
[BlackElo "1875"]
[PlyCount "53"]
[EventDate "2005.04.17"]
[SourceDate "2004.09.21"]

1. e4 e6 2. Nf3 d5 3. Nc3 Nf6 4. e5 Nfd7 5. d4 c5 6. dxc5 Bxc5 7. Bd3 Nc6 8.
Bf4 a6 9. O-O b5 10. a3 Bb7 11. b4 Be7 12. Qd2 Qb6 13. Ne2 Rc8 14. c3 O-O 15.
Bc2 f6 16. Qd3 g6 17. exf6 Bxf6 18. h4 Nce5 19. Nxe5 Bxe5 20. Bxe5 Nxe5 21. Qg3
Qc7 22. h5 d4 23. Nxd4 Qxc3 24. Qxe5 Rfd8 25. Qxe6+ Kf8 26. hxg6 Bd5 27. Qf6+
1-0

[Event "4NCL/Div4a/NOTT vs. OXF2"]
[Site "Telford ENG"]
[Date "2005.04.17"]
[Round "8.6"]
[White "Henbest, Kevin B"]
[Black "Graham, Neil"]
[Result "1/2-1/2"]
[WhiteElo "1795"]
[BlackElo "1890"]
[PlyCount "54"]
[EventDate "2005.04.17"]
[SourceDate "2004.09.21"]

1. e4 e5 2. Nf3 Nf6 3. Nc3 Bb4 4. d3 Nc6 5. Bd2 d5 6. exd5 Nxd5 7. g3 O-O 8.
Bg2 Nxc3 9. bxc3 Bd6 10. O-O Bd7 11. Rb1 Rb8 12. Re1 f6 13. Nh4 Qc8 14. Bd5+
Be6 15. Qf3 Bxd5 16. Qxd5+ Rf7 17. d4 Ne7 18. Qc4 g5 19. dxe5 Bxe5 20. Bxg5
fxg5 21. Rxe5 gxh4 22. Rxe7 Qf8 23. Qxf7+ Qxf7 24. Rxf7 Kxf7 25. g4 b6 26. f4
Rd8 27. Rf1 h3 1/2-1/2

[Event "4NCL/Div4a/CAMB2 vs. GLOSG"]
[Site "Telford ENG"]
[Date "2005.05.28"]
[Round "9.1"]
[White "Gooding, Ian"]
[Black "White, Michael J R"]
[Result "0-1"]
[WhiteElo "2085"]
[BlackElo "2178"]
[PlyCount "126"]
[EventDate "2005.05.28"]
[SourceDate "2004.09.21"]

1. e4 c5 2. Nf3 Nc6 3. d4 cxd4 4. Nxd4 Nf6 5. Nc3 e5 6. Ndb5 d6 7. Nd5 Nxd5 8.
exd5 Nb8 9. c4 a6 10. Nc3 Be7 11. Bd3 O-O 12. O-O f5 13. b4 a5 14. bxa5 Bf6 15.
Qb3 Qxa5 16. Bd2 Qa3 17. Nb5 Qxb3 18. axb3 Rxa1 19. Rxa1 e4 20. Ra8 Bd7 21. Be2
Bxb5 22. cxb5 Nd7 23. Ra7 Rc8 24. Bc4 Rb8 25. Be3 g5 26. g3 h6 27. h4 gxh4 28.
gxh4 Bxh4 29. Bxh6 Ne5 30. Be2 Kf7 31. b6 Kf6 32. Be3 Bg5 33. Bd4 f4 34. Bg4 f3
35. Ra4 Bf4 36. Be6 Rh8 37. Ra7 Bh2+ 38. Kf1 Bf4 39. Kg1 Rh7 40. Ra8 Rg7+ 41.
Kf1 Rh7 42. Kg1 Kg5 43. Rg8+ Ng6 44. Rg7 Rxg7 45. Bxg7 e3 46. fxe3 Bxe3+ 47.
Kf1 Nf4 48. Bf8 Bc5 49. Be7+ Kg6 50. Bg4 Nxd5 51. Bxd6 Ne3+ 52. Ke1 f2+ 53.
Kxf2 Nxg4+ 54. Kg3 Bxd6+ 55. Kxg4 Bc5 56. Kf4 Kf6 57. Ke4 Ke6 58. Kd3 Kd5 59.
Kc3 Bxb6 60. Kb4 Kc6 61. Kc4 Bg1 62. Kb4 b5 63. Ka5 Kc5 0-1